[Event "DOM-ch"]
[Site "Santo Domingo"]
[Date "2019.05.12"]
[Round "11"]
[White "Perez Feliz, Jose Enrique"]
[Black "Mesa Cruz, Juan Carlos"]
[Result "1/2-1/2"]
[WhiteElo "1914"]
[BlackElo "1781"]
[PlyCount "24"]
[EventDate "2019.04.26"]
[EventType "swiss"]
[EventRounds "11"]
[EventCountry "DOM"]
[SourceTitle "CBM 190 Extra"]
[Source "ChessBase"]
[SourceDate "2019.07.15"]
[SourceVersion "1"]
[SourceVersionDate "2019.07.15"]
[SourceQuality "1"]

1. e4 c5 2. Nf3 d6 3. d4 cxd4 4. Nxd4 Nf6 5. Nc3 a6 6. f3 e6 7. Be3 Be7 8. Bd3 0-0 9. Qd2 Nc6 10. Rc1 Qc7 11. g4 b5 12. h4 Ne5 1/2-1/2

[Event "Santo Domingo Independencia op 8th"]
[Site "Santo Domingo"]
[Date "2019.02.23"]
[Round "6"]
[White "Felipe Medina, Robert"]
[Black "Perez Feliz, Jose Enrique"]
[Result "0-1"]
[WhiteElo "1678"]
[BlackElo "1930"]
[PlyCount "58"]
[EventDate "2019.02.15"]
[EventType "swiss"]
[EventRounds "8"]
[EventCountry "DOM"]
[SourceTitle "CBM 189 Extra"]
[Source "ChessBase"]
[SourceDate "2019.06.03"]
[SourceVersion "1"]
[SourceVersionDate "2019.06.03"]
[SourceQuality "1"]

1. e4 e6 2. Nf3 d5 3. exd5 exd5 4. d4 Bd6 5. Bd3 Nf6 6. Bg5 0-0 7. 0-0 Bg4 8. Nbd2 Nbd7 9. c3 c6 10. Qc2 Qc7 11. h3 Bh5 12. Rfe1 Rfe8 13. Nh4 Bf4 14. Ndf3 Bxg5 15. Nxg5 Qf4 16. Bxh7+ Kf8 17. Nhf3 Bxf3 18. Nxf3 g6 19. Bxg6 fxg6 20. Qxg6 Ne4 21. Re3 Ke7 22. Ng5 Qf6 23. Qh7+ Kd8 24. f4 Kc7 25. Nf7 Re7 26. Ng5 Rxh7 27. Nxh7 Rh8 28. Ng5 Nxg5 29. fxg5 Qxg5 0-1

[Event "Santo Domingo Duarte Memorial 7th"]
[Site "Santo Domingo"]
[Date "2018.01.13"]
[Round "2"]
[White "Guzman, Christopher"]
[Black "Perez Feliz, Jose Enrique"]
[Result "0-1"]
[WhiteElo "2276"]
[BlackElo "1928"]
[PlyCount "120"]
[EventDate "2018.01.12"]
[EventType "swiss"]
[EventRounds "8"]
[EventCountry "DOM"]
[SourceTitle "CBM 182 Extra"]
[Source "ChessBase"]
[SourceDate "2018.02.23"]
[SourceVersion "1"]
[SourceVersionDate "2018.02.23"]
[SourceQuality "1"]

1. e4 e6 2. d3 d5 3. Nd2 Nf6 4. Ngf3 dxe4 5. dxe4 Bc5 6. Bd3 h6 7. Nb3 Bb6 8. a4 a6 9. a5 Ba7 10. 0-0 0-0 11. Qe2 Qe7 12. e5 Nh7 13. Qe4 f5 14. exf6 Nxf6 15. Qh4 Nc6 16. Bd2 e5 17. Rae1 Bg4 18. Nxe5 Nxe5 19. Bc3 Qd7 20. Bxe5 Be6 21. Bxf6 Rxf6 22. Rxe6 Rxe6 23. Bc4 Kh8 24. Bxe6 Qxe6 25. Nd4 Qc4 26. Nf3 Qxc2 27. Qb4 Rd8 28. h4 Rd1 29. Rxd1 Qxd1+ 30. Qe1 Qxe1+ 31. Nxe1 Bd4 32. Nd3 Kg8 33. Kf1 Kf7 34. Ke2 Ke6 35. Kd2 Kf5 36. f3 h5 37. b3 b6 38. axb6 cxb6 39. Ke2 a5 40. g3 b5 41. Nc1 a4 42. bxa4 bxa4 43. Na2 a3 44. Nb4 Bc3 45. Na2 Ba5 46. Ke3 Be1 47. g4+ hxg4 48. fxg4+ Kxg4 49. Ke2 Bxh4 50. Nc1 Bf6 51. Kf2 g5 52. Na2 Kf4 53. Nc1 g4 54. Na2 g3+ 55. Kg2 Be5 56. Nb4 Ke4 57. Na2 Kd3 58. Kf3 Kc2 59. Ke2 Kb2 60. Nb4 Bc3 0-1

[Event "Santo Domingo Duarte Memorial 7th"]
[Site "Santo Domingo"]
[Date "2018.01.13"]
[Round "3"]
[White "Perez Feliz, Jose Enrique"]
[Black "Campusano Espinosa, Zoilo Nelson"]
[Result "1/2-1/2"]
[WhiteElo "1928"]
[BlackElo "2093"]
[PlyCount "21"]
[EventDate "2018.01.12"]
[EventType "swiss"]
[EventRounds "8"]
[EventCountry "DOM"]
[SourceTitle "CBM 182 Extra"]
[Source "ChessBase"]
[SourceDate "2018.02.23"]
[SourceVersion "1"]
[SourceVersionDate "2018.02.23"]
[SourceQuality "1"]

1. e4 c5 2. Nf3 Nc6 3. d4 cxd4 4. Nxd4 Nf6 5. Nc3 e5 6. Ndb5 d6 7. Bg5 a6 8. Bxf6 gxf6 9. Na3 b5 10. Nd5 f5 11. exf5 1/2-1/2

[Event "Santo Domingo La Raza op"]
[Site "Santo Domingo"]
[Date "2015.10.19"]
[Round "5"]
[White "Perez Feliz, Jose Enrique"]
[Black "Zorrilla Jimenez, Wilber Edwin"]
[Result "0-1"]
[WhiteElo "1893"]
[BlackElo "2034"]
[PlyCount "86"]
[EventDate "2015.10.12"]
[EventType "swiss"]
[EventRounds "8"]
[EventCountry "DOM"]
[SourceTitle "CBM 169 Extra"]
[Source "ChessBase"]
[SourceDate "2015.12.18"]
[SourceVersion "1"]
[SourceVersionDate "2015.12.18"]
[SourceQuality "1"]

1. d4 d5 2. e3 Nf6 3. Bd3 e6 4. Nd2 Be7 5. f4 Nbd7 6. Ngf3 Ng4 7. Qe2 f5 8. 0-0 0-0 9. h3 Ngf6 10. Ne5 c5 11. c3 Ne4 12. Bxe4 fxe4 13. g4 Nxe5 14. fxe5 b6 15. Rxf8+ Qxf8 16. Nf1 a5 17. Bd2 Ba6 18. Qg2 Qf7 19. Nh2 Rf8 20. Be1 Bg5 21. Bf2 cxd4 22. cxd4 Rc8 23. h4 Be7 24. Be1 Bd3 25. Rd1 Rc2 26. Rd2 Rc1 27. Qg3 Bb4 28. Kg2 Bxd2 29. Bxd2 Rc2 30. Qe1 Rxb2 31. g5 Rxa2 32. Qd1 a4 33. Kg3 b5 34. Be1 Re2 35. Qc1 h6 36. gxh6 gxh6 37. h5 Bc4 38. Qc3 b4 39. Qxb4 Rxe3+ 40. Kg2 Be2 41. Qb8+ Kh7 42. Bg3 Qg7 43. Kh3 Rxg3+ 0-1